LEADER 01478naa a2200277 a 4500 001 000000120320 003 CaOOAMICUS 005 20100225093727.0 008 100225t2009 it u000 ubita r 040 $aPUL$bita$dReb 245 02$aL'Europa. Le cinematografie nazionali /$ca cura di Gian Piero Brunetta . 260 $aMilano :$bIl Sole 24 ore,$c©2009$aTorino :$bGiulio Einaudi 300 $a2 v. ;$c22 cm. 500 $aEdizione speciale per il Sole 24 Ore. Pubblicata su licenza di Giulio Einaudi editore. 504 $aInclude riferimenti bibliografici ed indice. 650 4$aCinema$xStoria e critica.$0(OLS)http://pul/subject/23448 650 4$aCinematografia$zEuropa.$0(OLS)http://pul/subject/36508 700 1 $aBrunetta, Gian Piero.$0(OLS)http://pul/name/23534 773 1 $tStoria del cinema mondiale.$dMilano : Il Sole 24 ore, ©2009 Torino : Giulio Einaudi $w()118347 850 $aPUL 852 $aPUL$W1$xDP2 Cons. Gen., Altre Classi 3$y97$m791. 4 COLL 1.7$j137955$qDDC 21$B137114$CPULBib$Z2$F137114 $H112366 $82 852 $aPUL$W1$xDP2 Cons. Gen., Altre Classi 3$y97$m791. 4 COLL 1.8$j137956$qDDC 21$B137115$CPULBib$Z2$F137115 $H112367 $82 941 1 $a9 996 $6245$aL'Europa. Le cinematografie nazionali$9(OLS)http://pul/title/149987 996 $6260$aMilano :$bIl Sole 24 ore$9(OLS)http://pul/publisher/69212 996 $6260$aTorino :$bGiulio Einaudi$9(OLS)http://pul/publisher/54573 LEADER 01503nam a2200349 a 4500 001 000000138783 003 CaOOAMICUS 005 20161130093225.0 008 140611m20149999it u000 u ita r 020 $a978-88-394-0863-1 020 $a978-88-394-0898-3 (v. 2)* 032 $aLibriCat 040 $aPUL$bita 041 1 $aita$aheb$hheb 245 00$aScritti di Qumran /$cedizione bilingue con puntazione vocalica, introduzione, traduzione e note a cura di Corrado Martone. 260 $aBrescia :$bPaideia,$c2014- 300 $av. ;$c21 cm. 490 1 $aStudi biblici ;$v177, 187 500 $aInclude indice. 546 $aTesto in ebraico a fronte. 650 4$aQumrân (comunità).$0(OLS)http://pul/subject/9646 700 1 $aMartone, Corrado,$d1963-$0(OLS)http://pul/name/39564 830 0$aStudi biblici (Paideia) ;$v177, 187.$0(OLS)http://pul/title/88 850 $aPUL 852 $aPUL$W1$xSL Religione 1$y3$m10 M 177$j160201$qStampati$B159649$CPULBib$Z2$F159649 $H124215 $82 852 $aPUL$W1$xSL Religione 1$y3$m10 M 187$j180171$bv. 2$qStampati$B183294$CPULBib$Z2$F183294 $H128437 $81 941 1 $a8 996 $6020$a978-88-394-0863-1$9(OLS)http://pul/number/155505 996 $6020$a978-88-394-0898-3 (v. 2)*$9(OLS)http://pul/number/161561 996 $6245$aScritti di Qumran$9(OLS)http://pul/title/175708 996 $6260$aBrescia :$bPaideia$9(OLS)http://pul/publisher/47884